| 000 | 00535nam a22001697a 4500 | ||
|---|---|---|---|
| 003 | OSt | ||
| 005 | 20260127061513.0 | ||
| 008 | 260127b |||||||| |||| 00| 0 eng d | ||
| 020 | _a978-81-7245-522-4 | ||
| 040 |
_aDWCL - Main lib _cOC |
||
| 082 | _aProf. 658.452 B575o 2024 | ||
| 100 | _aBhalla, Prem P. | ||
| 245 |
_a101 Ways to powerful presentations / _cPrem P . Bhalla |
||
| 260 |
_aNew Delhi, India : _bGoodwill Publishing House , _cc2014. |
||
| 300 |
_aviii, 136 pages : _billustrations ; _c22cm. |
||
| 942 |
_2ddc _cPROF. _mProf. _n0 |
||
| 999 |
_c7872 _d7872 |
||